[Event "DEM U12 2011"]
[Site "Oberhof GER"]
[Date "2011.06.13"]
[Round "4"]
[White "Schröder, Kevin"]
[Black "Sawlin, Leonid"]
[Result "1-0"]
[Termination "normal"]
[Board "1"]
[WhiteElo "1954"]
[BlackElo "1920"]
[PlyCount "85"]
[WhiteFideId "12929840"]
[BlackFideId "4689542"]
[EventCountry "GER"]
[EventRounds "11"]
[EventType "swiss"]
[EventDate "2011.06.11"]

1. d4 c5 2. d5 e5 3. e4 d6 4. Nc3 a6 5. a4 g6 6. h4 h5 7. Be2 Be7 8. Nf3 Nf6 9.
Bg5 Nbd7 10. Nd2 Rb8 11. Nc4 b6 12. f4 exf4 13. Bxf4 Ne5 14. Nxe5 dxe5 15. Bxe5
Bd6 16. Bxd6 Qxd6 17. Qd3 Nd7 18. O-O Ne5 19. Qg3 Ra8 20. Qg5 Qe7 21. Rf6 Nd7
22. Rf4 Rg8 23. Qxe7+ Kxe7 24. d6+ Kxd6 25. Rxf7 Re8 26. Rd1+ Kc6 27. Nd5 Bb7
28. Ne7+ Kc7 29. Nxg6 Bc6 30. Nf4 Rad8 31. Nd5+ Bxd5 32. Rxd5 Rxe4 33. Bxa6
Rxh4 34. Bb5 Rd4 35. Rxh5 Kc8 36. Rhh7 Ne5 37. Rc7+ Kb8 38. Ba6 Rd1+ 39. Kh2
R1d7 40. Rcxd7 Nxd7 41. Re7 Kc7 42. Bb5 Rh8+ 43. Kg1 1-0

[Event "DEM U12 2011"]
[Site "Oberhof GER"]
[Date "2011.06.13"]
[Round "4"]
[White "Perske, Thore"]
[Black "Dürr, Florian"]
[Result "0-1"]
[Termination "normal"]
[Board "3"]
[WhiteElo "1830"]
[BlackElo "1819"]
[PlyCount "110"]
[WhiteFideId "12902195"]
[BlackFideId "24659134"]
[EventCountry "GER"]
[EventRounds "11"]
[EventType "swiss"]
[EventDate "2011.06.11"]

1. e4 e6 2. d3 d5 3. Nd2 Nf6 4. Ngf3 c5 5. g3 Nc6 6. Bg2 Be7 7. O-O O-O 8. Re1
b5 9. h4 a5 10. e5 Nd7 11. Nf1 b4 12. N1h2 Ba6 13. h5 a4 14. a3 bxa3 15. bxa3
Rb8 16. h6 g6 17. Ng4 Re8 18. Bf4 Qc7 19. Qc1 Rec8 20. Bg5 Qd8 21. Qf4 c4 22.
d4 Rb2 23. Bxe7 Qxe7 24. Rec1 Rcb8 25. Bh3 R8b7 26. Ng5 Nd8 27. Nf3 Nc6 28. Qe3
Na7 29. Qf4 Nb5 30. Ne3 Nc3 31. Bf1 Rb1 32. Raxb1 Rxb1 33. Rxb1 Nxb1 34. Ng5
Nxa3 35. Ng4 Nxc2 36. Nf6+ Nxf6 37. exf6 Qf8 38. Bh3 Bc8 39. Qe5 Qe8 40. Qc7
Nxd4 41. Qa7 Nf5 42. Bxf5 exf5 43. Qc7 Qd7 44. Qc5 Qd8 45. f4 Bb7 46. Qa7 Qa8
47. Qc5 Qe8 48. Qc7 Ba8 49. Qa7 d4 50. Qe7 Qxe7 51. fxe7 Bc6 52. Nf3 d3 53. Kf2
f6 54. Nd4 Bd7 55. Ke3 a3 0-1

[Event "DEM U12 2011"]
[Site "Oberhof GER"]
[Date "2011.06.13"]
[Round "4"]
[White "Baskin, Robert"]
[Black "Pallas, Sebastian"]
[Result "1/2-1/2"]
[Termination "normal"]
[Board "4"]
[WhiteElo "1940"]
[BlackElo "1813"]
[PlyCount "74"]
[WhiteFideId "24662402"]
[BlackFideId "12905453"]
[EventCountry "GER"]
[EventRounds "11"]
[EventType "swiss"]
[EventDate "2011.06.11"]

1. e4 c5 2. Nf3 d6 3. d4 cxd4 4. Nxd4 Nf6 5. Nc3 a6 6. a4 e6 7. Bc4 Nxe4 8.
Nxe4 d5 9. Bd3 dxe4 10. Bxe4 e5 11. Nb3 Qxd1+ 12. Kxd1 Nc6 13. Re1 Bd6 14.
Bxc6+ bxc6 15. Na5 O-O 16. Bd2 f6 17. Nc4 Bc5 18. Be3 Bxe3 19. Rxe3 Be6 20. Nd2
Rfd8 21. Raa3 Bd5 22. f3 Rab8 23. Kc1 Rb6 24. Rad3 Rdb8 25. b3 Kf8 26. c4 Be6
27. Rd6 c5 28. Rxb6 Rxb6 29. Ne4 Rc6 30. a5 h6 31. Rd3 Ke7 32. Nf2 Bf5 33. Rd5
Be6 34. Rd3 Bf5 35. Rd5 Be6 36. Rd3 Bf5 37. Rd5 Be6 1/2-1/2

[Event "DEM U12 2011"]
[Site "Oberhof GER"]
[Date "2011.06.13"]
[Round "4"]
[White "Flüchter, Gregor"]
[Black "Niediek, Cedric"]
[Result "1/2-1/2"]
[Termination "normal"]
[Board "5"]
[WhiteElo "1822"]
[BlackElo "1641"]
[PlyCount "67"]
[WhiteFideId "12903396"]
[EventCountry "GER"]
[EventRounds "11"]
[EventType "swiss"]
[EventDate "2011.06.11"]

1. e4 c5 2. Nf3 Nc6 3. c3 d5 4. exd5 Qxd5 5. d4 cxd4 6. cxd4 Bg4 7. Be2 e6 8.
Nc3 Qa5 9. O-O Nf6 10. Qb3 Bb4 11. Be3 O-O 12. a3 Bxc3 13. bxc3 Qc7 14. Rac1
Rac8 15. Rfd1 Na5 16. Qa2 Qd6 17. c4 Qe7 18. Bd2 Nc6 19. Bc3 Rfd8 20. d5 exd5
21. cxd5 Nb8 22. Bb4 Qe8 23. Rxc8 Rxc8 24. h3 Bf5 25. Nd4 Be4 26. Bc4 a6 27.
Bb3 Qd7 28. Ne2 Rd8 29. Nc3 Bg6 30. Re1 Re8 31. Rc1 Rc8 32. Rd1 Re8 33. Na4 Qf5
34. Nc3 1/2-1/2

[Event "DEM U12 2011"]
[Site "Oberhof GER"]
[Date "2011.06.13"]
[Round "4"]
[White "Balazs, Balint"]
[Black "Mager, Denis"]
[Result "0-1"]
[Termination "normal"]
[Board "6"]
[WhiteElo "1587"]
[BlackElo "1741"]
[PlyCount "176"]
[WhiteFideId "12922757"]
[BlackFideId "24691127"]
[EventCountry "GER"]
[EventRounds "11"]
[EventType "swiss"]
[EventDate "2011.06.11"]

1. e4 c5 2. Nf3 Nc6 3. d4 cxd4 4. Nxd4 Nf6 5. Nc3 e5 6. Ndb5 d6 7. Bg5 a6 8.
Bxf6 gxf6 9. Na3 b5 10. Nd5 Be6 11. c3 Bh6 12. Nc2 Bxd5 13. exd5 Ne7 14. Qh5
Bg7 15. Ne3 Qd7 16. Bd3 Ng6 17. g3 O-O 18. O-O Rfe8 19. Be4 Rab8 20. b3 Qc7 21.
c4 Qc5 22. Rac1 Qd4 23. Bg2 Rbc8 24. Nf5 Qb6 25. cxb5 axb5 26. Qe2 b4 27. Bh3
Rc5 28. Qd2 Bf8 29. Rxc5 Qxc5 30. Rc1 Qa5 31. Rc6 Rd8 32. Bf1 Kh8 33. a4 e4 34.
Qd4 Ne5 35. Ra6 Nf3+ 36. Kg2 Nxd4 37. Rxa5 Nxf5 38. Rb5 e3 39. Bd3 Nd4 40. Rxb4
e2 41. Bxe2 Nxe2 42. Rc4 Bh6 43. b4 Nc1 44. a5 Nd3 45. b5 Ra8 46. b6 Rxa5 47.
b7 Rb5 48. Rc8+ Kg7 49. b8=Q Rxb8 50. Rxb8 Ne5 51. Rb6 Kf8 52. Rxd6 Ke7 53. Ra6
Nd7 54. f4 Bg7 55. f5 Ne5 56. Kf1 Bh6 57. Ke2 Bc1 58. Kd1 Be3 59. Kc2 h5 60.
Kb3 Bg1 61. h3 Bf2 62. Kc3 Bxg3 63. d6+ Kd7 64. Kd4 Nc6+ 65. Kc4 Bxd6 66. Ra8
h4 67. Kb5 Nd4+ 68. Kb6 Nxf5 69. Ra1 Ke6 70. Re1+ Be5 71. Kc5 Ng3 72. Kc4 f5
73. Kd3 f4 74. Kd2 Kf5 75. Kd3 f6 76. Rc1 Ne4 77. Ke2 Bd4 78. Rf1 Ng3+ 79. Kf3
Nxf1 80. Kg2 Ne3+ 81. Kf3 Nc2 82. Kg2 Ke4 83. Kf1 Ke3 84. Kg2 Ke2 85. Kh1 f3
86. Kh2 f2 87. Kh1 f1=Q+ 88. Kh2 Qg1# 0-1

[Event "DEM U12 2011"]
[Site "Oberhof GER"]
[Date "2011.06.13"]
[Round "4"]
[White "Scholz, Robert"]
[Black "Riehle, Marco"]
[Result "1/2-1/2"]
[Termination "normal"]
[Board "7"]
[WhiteElo "1643"]
[BlackElo "1747"]
[PlyCount "88"]
[WhiteFideId "1270301"]
[BlackFideId "12904392"]
[EventCountry "GER"]
[EventRounds "11"]
[EventType "swiss"]
[EventDate "2011.06.11"]

1. e4 e5 2. Nf3 f5 3. Nxe5 Nf6 4. exf5 Qe7 5. Qe2 d6 6. Nf3 Bxf5 7. Qxe7+ Bxe7
8. Bb5+ c6 9. Ba4 Nbd7 10. d4 Nb6 11. Bb3 Nfd5 12. Bd2 O-O-O 13. O-O Rdf8 14.
Re1 Bd8 15. Nc3 Nxc3 16. Bxc3 Kd7 17. d5 Rhg8 18. dxc6+ bxc6 19. Bxg8 Rxg8 20.
Nd4 Bg6 21. Re2 Nd5 22. Be1 c5 23. Nb3 Nf4 24. Rd2 Kc6 25. Rad1 d5 26. g3 Nh3+
27. Kg2 Ng5 28. f4 Ne6 29. c3 Be4+ 30. Kg1 Bf3 31. Rc1 Be4 32. Re2 c4 33. Nd4+
Nxd4 34. cxd4 Kd7 35. b3 Bf6 36. Bf2 cxb3 37. axb3 Rb8 38. Ra2 Rb7 39. h3 h6
40. Rca1 Rxb3 41. Rxa7+ Ke8 42. R7a3 Rb4 43. Ra4 Rb3 44. Rc1 Kf7 1/2-1/2

[Event "DEM U12 2011"]
[Site "Oberhof GER"]
[Date "2011.06.13"]
[Round "4"]
[White "Ovsepyan, Arshak"]
[Black "Sieber, Fiona"]
[Result "1-0"]
[Termination "normal"]
[Board "8"]
[WhiteElo "1950"]
[BlackElo "1689"]
[PlyCount "141"]
[WhiteFideId "24690236"]
[BlackFideId "12902373"]
[EventCountry "GER"]
[EventRounds "11"]
[EventType "swiss"]
[EventDate "2011.06.11"]

1. e4 c5 2. Nf3 d6 3. Nc3 Nc6 4. d4 cxd4 5. Nxd4 Nf6 6. Be3 Ng4 7. Qd2 Nxe3 8.
Qxe3 g6 9. Bb5 Bd7 10. O-O Bg7 11. Nb3 O-O 12. Be2 Rc8 13. a3 a6 14. Kh1 f5 15.
exf5 Bxf5 16. Bd3 Bxd3 17. cxd3 Rf5 18. f4 e5 19. fxe5 Rxe5 20. Qf2 Qe7 21. d4
Rf5 22. Qd2 Rcf8 23. Rxf5 Rxf5 24. d5 Ne5 25. Nd4 Rh5 26. Kg1 Nc4 27. Qf2 Nxb2
28. Re1 Bxd4 29. Rxe7 Bxf2+ 30. Kxf2 Nd3+ 31. Ke3 Nc5 32. h3 Kf8 33. Rc7 Re5+
34. Kd4 Re7 35. Rxe7 Kxe7 36. Ne2 Kf6 37. Nf4 Kf5 38. Ne2 b5 39. g3 g5 40. g4+
Kf6 41. Ng3 Na4 42. Nf5 Kf7 43. Nxd6+ Ke7 44. Ne4 h6 45. Nc5 Nb6 46. Nxa6 Nc4
47. Kc5 Nxa3 48. d6+ Kd7 49. Kd5 Nc4 50. Nc5+ Kd8 51. Kc6 Ne5+ 52. Kxb5 Kc8 53.
Ne4 Kd7 54. Kc5 Nd3+ 55. Kd5 Nf4+ 56. Ke5 Nxh3 57. Nc5+ Kd8 58. d7 Ke7 59. Kd5
Nf4+ 60. Kc6 Nd5 61. Kxd5 h5 62. gxh5 g4 63. Ke4 g3 64. Kf3 g2 65. Kxg2 Kd8 66.
h6 Ke7 67. h7 Kf7 68. h8=Q Kg6 69. d8=R Kf7 70. Rf8+ Ke7 71. Qf6# 1-0

[Event "DEM U12 2011"]
[Site "Oberhof GER"]
[Date "2011.06.13"]
[Round "4"]
[White "Schackmann, Oliver"]
[Black "Vogel, Roven"]
[Result "1/2-1/2"]
[Termination "normal"]
[Board "9"]
[WhiteElo "1829"]
[BlackElo "1759"]
[PlyCount "42"]
[WhiteFideId "12905267"]
[BlackFideId "12908088"]
[EventCountry "GER"]
[EventRounds "11"]
[EventType "swiss"]
[EventDate "2011.06.11"]

1. e4 c6 2. Nf3 d5 3. Nc3 dxe4 4. Nxe4 Bf5 5. Ng3 Bg6 6. h4 h6 7. Ne5 Bh7 8.
Qh5 g6 9. Bc4 e6 10. Qf3 Nf6 11. d4 Bg7 12. c3 Nbd7 13. Nxd7 Qxd7 14. Bxh6 Bxh6
15. Qxf6 Rg8 16. Ne4 Bg7 17. Qf3 Qe7 18. O-O-O Bh6+ 19. Kb1 O-O-O 20. Ng5 Rg7
21. Qg3 Bg8 1/2-1/2

[Event "DEM U12 2011"]
[Site "Oberhof GER"]
[Date "2011.06.13"]
[Round "4"]
[White "Nothnagel, Marian Can"]
[Black "Kreyssig, Bruno"]
[Result "1-0"]
[Termination "normal"]
[Board "10"]
[WhiteElo "1613"]
[BlackElo "1587"]
[PlyCount "47"]
[WhiteFideId "12921530"]
[BlackFideId "4692489"]
[EventCountry "GER"]
[EventRounds "11"]
[EventType "swiss"]
[EventDate "2011.06.11"]

1. e4 c5 2. c3 Nf6 3. e5 Nd5 4. d4 cxd4 5. Nf3 e6 6. cxd4 d6 7. Nc3 Nxc3 8.
bxc3 Nc6 9. Bd3 dxe5 10. dxe5 Bc5 11. O-O O-O 12. Qe2 Qc7 13. Qe4 g6 14. Bg5 b6
15. Bf6 Bb7 16. Qg4 Rfe8 17. h4 Be7 18. Qg5 Bxf6 19. exf6 Qd6 20. h5 Qc5 21.
hxg6 hxg6 22. Qh6 Qf8 23. Qh4 Qc5 24. Ng5 1-0

[Event "DEM U12 2011"]
[Site "Oberhof GER"]
[Date "2011.06.13"]
[Round "4"]
[White "Lagunow, Raphael"]
[Black "Bergauz, Noam"]
[Result "1-0"]
[Termination "normal"]
[Board "11"]
[WhiteElo "1711"]
[BlackElo "1591"]
[PlyCount "45"]
[WhiteFideId "24652644"]
[BlackFideId "12938033"]
[EventCountry "GER"]
[EventRounds "11"]
[EventType "swiss"]
[EventDate "2011.06.11"]

1. e4 c6 2. d4 d5 3. e5 Bf5 4. Nf3 e6 5. Be2 c5 6. Be3 Nc6 7. dxc5 Qc7 8. O-O
a6 9. c4 O-O-O 10. cxd5 Rxd5 11. Qa4 Nge7 12. Nc3 Rd8 13. Rfd1 Nd5 14. Nxd5
exd5 15. Nd4 Bd7 16. Nxc6 Bxc6 17. Qd4 Be7 18. b4 f5 19. a4 Qd7 20. b5 axb5 21.
axb5 Bxb5 22. e6 Qxe6 23. Bxb5 1-0

[Event "DEM U12 2011"]
[Site "Oberhof GER"]
[Date "2011.06.13"]
[Round "4"]
[White "Rätzke von Stoyentin, Steffen"]
[Black "Wiesner, Paula"]
[Result "0-1"]
[Termination "normal"]
[Board "12"]
[WhiteElo "1728"]
[BlackElo "1792"]
[PlyCount "90"]
[WhiteFideId "12907502"]
[BlackFideId "24654019"]
[EventCountry "GER"]
[EventRounds "11"]
[EventType "swiss"]
[EventDate "2011.06.11"]

1. e4 c5 2. c3 d5 3. exd5 Qxd5 4. d4 Nc6 5. Nf3 Bg4 6. Be2 e6 7. h3 Bh5 8. O-O
cxd4 9. cxd4 Nf6 10. Nc3 Qd8 11. Re1 Be7 12. Bg5 O-O 13. Qd2 Nb4 14. a3 Nbd5
15. Bxf6 Bxf6 16. Ne4 Rc8 17. Rad1 Qe7 18. Nc5 b6 19. Nb3 Rc7 20. g4 Bg6 21.
Rc1 Rfc8 22. g5 Rc2 23. gxf6 Qxf6 24. Qd1 Nf4 25. Bf1 Bf5 26. Kh1 Nxh3 27. Bxh3
Bxh3 28. Re3 Qh6 29. Nh2 Rxc1 30. Nxc1 Qg5 31. Rg3 Qxc1 32. Qg1 Qxg1+ 33. Rxg1
Rc2 34. Rg3 Rc1+ 35. Rg1 Rxg1+ 36. Kxg1 Bf5 37. Nf3 Kf8 38. Ne5 g6 39. Nc6 a5
40. b4 axb4 41. axb4 Be4 42. Nb8 Ke7 43. b5 Bd3 44. Nc6+ Kd6 45. Nb4 Bxb5 0-1

[Event "DEM U12 2011"]
[Site "Oberhof GER"]
[Date "2011.06.13"]
[Round "4"]
[White "Höglauer, Patrick"]
[Black "Böhning, Kilian"]
[Result "1-0"]
[Termination "normal"]
[Board "13"]
[WhiteElo "1764"]
[BlackElo "1708"]
[PlyCount "57"]
[WhiteFideId "1270548"]
[BlackFideId "1270499"]
[EventCountry "GER"]
[EventRounds "11"]
[EventType "swiss"]
[EventDate "2011.06.11"]

1. d4 Nf6 2. c4 e6 3. Nf3 b6 4. a3 Bb7 5. Nc3 c5 6. d5 d6 7. e4 Nbd7 8. Bd3 e5
9. O-O Be7 10. b4 O-O 11. Ne1 Ne8 12. f4 f6 13. f5 g5 14. fxg6 hxg6 15. Rf3 Ng7
16. Rh3 Kf7 17. Qg4 Rh8 18. Rxh8 Qxh8 19. Qxd7 Bc8 20. Qa4 f5 21. bxc5 bxc5 22.
Nf3 f4 23. Qc6 Rb8 24. Nb5 Ne8 25. Nxa7 Bb7 26. Qa4 g5 27. Qd7 Ng7 28. Nxg5+
Kf6 29. Nf3 1-0

[Event "DEM U12 2011"]
[Site "Oberhof GER"]
[Date "2011.06.13"]
[Round "4"]
[White "Urban, Konstantin"]
[Black "Peter, Anton"]
[Result "1-0"]
[Termination "normal"]
[Board "14"]
[WhiteElo "1648"]
[BlackElo "1757"]
[PlyCount "143"]
[WhiteFideId "12927511"]
[BlackFideId "12901660"]
[EventCountry "GER"]
[EventRounds "11"]
[EventType "swiss"]
[EventDate "2011.06.11"]

1. e4 c5 2. Nf3 a6 3. c3 e6 4. d4 d5 5. Nbd2 Nc6 6. exd5 exd5 7. dxc5 Bxc5 8.
Nb3 Ba7 9. Be2 Nf6 10. O-O O-O 11. h3 Qd6 12. Nbd4 Bd7 13. Be3 Ne4 14. Qc2 Rac8
15. Rad1 Bb8 16. Bd3 Nb4 17. Qe2 Nxd3 18. Qxd3 Qg6 19. Kh1 Qh5 20. Qe2 Rfd8 21.
Nd2 Qe5 22. N4f3 Qh5 23. Nxe4 dxe4 24. Ng1 Qe5 25. g3 Qc7 26. Qh5 Be6 27. Bd4
f6 28. a3 b5 29. Qh4 Bf5 30. Qh5 Be6 31. Rd2 Ba7 32. Qd1 Bxd4 33. Rxd4 Rxd4 34.
Qxd4 Rd8 35. Qe3 Bc4 36. Re1 f5 37. Ne2 Bxe2 38. Rxe2 Qd6 39. Kg2 Kf7 40. Qg5
g6 41. g4 Qf6 42. Qh6 Kg8 43. Qf4 Qd6 44. Qg5 Qd3 45. Re3 Qd5 46. gxf5 Rf8 47.
Qg4 Qxf5 48. Qxf5 gxf5 49. f3 Rd8 50. fxe4 fxe4 51. Re2 Kf7 52. Kg3 Rd3+ 53.
Kg4 Kf6 54. Rxe4 a5 55. Re2 b4 56. axb4 axb4 57. cxb4 Rb3 58. Re4 Rxb2 59. Kh5
Kf5 60. Rc4 Kf6 61. Kh6 Ra2 62. Kxh7 Ra8 63. b5 Rb8 64. Rb4 Rb6 65. h4 Kf5 66.
Kg7 Rg6+ 67. Kf7 Rb6 68. Ke7 Ke5 69. Kd7 Kd5 70. Kc7 Kc5 71. Rc4+ Kxb5 72. Rb4+
1-0

[Event "DEM U12 2011"]
[Site "Oberhof GER"]
[Date "2011.06.13"]
[Round "4"]
[White "Krüger, David"]
[Black "Kitze, Alexander"]
[Result "0-1"]
[Termination "normal"]
[Board "15"]
[WhiteElo "1810"]
[BlackElo "1717"]
[PlyCount "50"]
[WhiteFideId "12921858"]
[BlackFideId "12914827"]
[EventCountry "GER"]
[EventRounds "11"]
[EventType "swiss"]
[EventDate "2011.06.11"]

1. d4 Nf6 2. c4 c5 3. d5 b5 4. cxb5 a6 5. Nc3 axb5 6. Nxb5 Ba6 7. Nc3 d6 8. g3
g6 9. Bg2 Bg7 10. e4 O-O 11. Nge2 Nbd7 12. f4 Qa5 13. O-O Rfb8 14. Qc2 Ne8 15.
Rd1 Ra7 16. Bd2 Qb6 17. Rab1 Bxe2 18. Nxe2 Rxa2 19. Bc1 Qb4 20. Kh1 Nc7 21. e5
dxe5 22. d6 exd6 23. Rxd6 Nf8 24. Rc6 Nfe6 25. Bd2 Rxb2 0-1

[Event "DEM U12 2011"]
[Site "Oberhof GER"]
[Date "2011.06.13"]
[Round "4"]
[White "Graf, Clara Victoria"]
[Black "Scheinhütte, Jakob"]
[Result "1-0"]
[Termination "normal"]
[Board "16"]
[WhiteElo "1710"]
[BlackElo "1587"]
[PlyCount "121"]
[WhiteFideId "1270339"]
[BlackFideId "24693944"]
[EventCountry "GER"]
[EventRounds "11"]
[EventType "swiss"]
[EventDate "2011.06.11"]

1. e4 e6 2. d4 d5 3. Nc3 Bb4 4. Bd3 c5 5. dxc5 dxe4 6. Bxe4 Qxd1+ 7. Kxd1 Nf6
8. Bf3 a6 9. Be3 Bxc3 10. bxc3 Ke7 11. Rb1 Rd8+ 12. Ke2 Nd5 13. Bxd5 Rxd5 14.
Nf3 Nc6 15. Rhd1 Rxd1 16. Rxd1 e5 17. Nd2 Bf5 18. Nc4 Bxc2 19. Rd2 Bg6 20. Rb2
Rb8 21. Nd6 b6 22. Rxb6 Rxb6 23. Nc8+ Kd8 24. Nxb6 f6 25. a3 Bf7 26. Kd3 g5 27.
Ke4 Be6 28. Kd3 h6 29. h4 Ke7 30. f3 Bf7 31. hxg5 hxg5 32. Nc4 Bxc4+ 33. Kxc4
Ke6 34. Kd3 Kf5 35. a4 Ke6 36. Ke4 f5+ 37. Kd3 f4 38. Bf2 Kd5 39. g3 Na5 40.
gxf4 exf4 41. Bd4 Ke6 42. Bg7 Kf7 43. Be5 Ke6 44. Bc7 Nc6 45. Ke4 Kd7 46. Be5
Ke6 47. Bd6 Na5 48. Kd4 Nc6+ 49. Kd3 Na5 50. Ke4 Nc6 51. Bc7 Kd7 52. Bb6 Ke6
53. a5 Nb8 54. Bd8 Nd7 55. c6 Nc5+ 56. Kd4 Kd6 57. c7 Ne6+ 58. Ke4 Kd7 59. Kf5
Nxd8 60. cxd8=Q+ Kxd8 61. Kxg5 1-0

[Event "DEM U12 2011"]
[Site "Oberhof GER"]
[Date "2011.06.13"]
[Round "4"]
[White "Diener, Carolin"]
[Black "Bruns, Kai-Christian"]
[Result "1-0"]
[Termination "normal"]
[Board "17"]
[WhiteElo "1590"]
[BlackElo "1645"]
[PlyCount "59"]
[WhiteFideId "24699063"]
[BlackFideId "12938025"]
[EventCountry "GER"]
[EventRounds "11"]
[EventType "swiss"]
[EventDate "2011.06.11"]

1. e4 c5 2. Nc3 Nc6 3. Bb5 Nd4 4. Bc4 e6 5. Nge2 Ne7 6. d3 a6 7. a3 b5 8. Ba2
Bb7 9. Be3 Nec6 10. O-O Be7 11. f4 O-O 12. Qd2 f5 13. Nd1 Nxe2+ 14. Qxe2 Nd4
15. Bxd4 cxd4 16. Qf2 Rc8 17. Kh1 fxe4 18. Qxd4 exd3 19. Qxd3 Qc7 20. Ne3 Bd6
21. f5 Bxh2 22. fxe6 Rxf1+ 23. Rxf1 Kh8 24. Qxd7 Bd6 25. Rf7 Bc6 26. Qxc7 Bxc7
27. Nf5 Be5 28. e7 Bxg2+ 29. Kg1 Rg8 30. Rf8 1-0

[Event "DEM U12 2011"]
[Site "Oberhof GER"]
[Date "2011.06.13"]
[Round "4"]
[White "Petrashov, Alexander"]
[Black "Kempe, Anne"]
[Result "1-0"]
[Termination "normal"]
[Board "18"]
[WhiteElo "1644"]
[BlackElo "1538"]
[PlyCount "65"]
[WhiteFideId "24662461"]
[BlackFideId "12918083"]
[EventCountry "GER"]
[EventRounds "11"]
[EventType "swiss"]
[EventDate "2011.06.11"]

1. d4 Nf6 2. c4 g6 3. Nc3 Bg7 4. e4 d6 5. Bd3 O-O 6. Nge2 Nbd7 7. O-O c5 8. d5
Ne5 9. f4 Nxd3 10. Qxd3 Nd7 11. Ng3 a6 12. Rb1 Rb8 13. b3 Qa5 14. Bd2 Qc7 15.
Nce2 b5 16. Bc3 Bxc3 17. Nxc3 bxc4 18. bxc4 Rxb1 19. Rxb1 Nb6 20. e5 dxe5 21.
fxe5 Rd8 22. Nce4 Nd7 23. d6 exd6 24. exd6 Qc6 25. Rd1 Ne5 26. Qd5 Qxd5 27.
Rxd5 Nxc4 28. d7 Bb7 29. Rxc5 Bxe4 30. Rc8 Kg7 31. Rxd8 Kf6 32. Nxe4+ Ke7 33.
Rc8 1-0

[Event "DEM U12 2011"]
[Site "Oberhof GER"]
[Date "2011.06.13"]
[Round "4"]
[White "Surguchov, Alexander"]
[Black "Kaplun, David"]
[Result "1-0"]
[Termination "normal"]
[Board "19"]
[WhiteElo "1545"]
[BlackElo "1758"]
[PlyCount "66"]
[WhiteFideId "1272035"]
[BlackFideId "12901954"]
[EventCountry "GER"]
[EventRounds "11"]
[EventType "swiss"]
[EventDate "2011.06.11"]

1. e4 c5 2. Nf3 e6 3. c3 Nf6 4. e5 Nd5 5. d4 cxd4 6. cxd4 a6 7. Bc4 Nb6 8. Bb3
Nc6 9. Nc3 Be7 10. O-O O-O 11. a3 d6 12. Be3 Nd7 13. Bf4 dxe5 14. dxe5 g5 15.
Be3 Ncxe5 16. Nxe5 Nxe5 17. Qh5 Ng6 18. Rad1 Qa5 19. Bc2 Kg7 20. Ne4 f6 21. Bd4
Nf4 22. Qf3 b6 23. Nxg5 Qxg5 24. Qxa8 e5 25. Be3 Bg4 26. Qe4 Ne2+ 27. Kh1 Qh5
28. Rd2 f5 29. Qxe5+ Bf6 30. Rd7+ Kh8 31. Qd6 Bg7 32. Qe7 Rg8 33. Bb3 Bf3 1-0

[Event "DEM U12 2011"]
[Site "Oberhof GER"]
[Date "2011.06.13"]
[Round "4"]
[White "Greßmann, Moritz"]
[Black "Sherif, Amina"]
[Result "1-0"]
[Termination "normal"]
[Board "20"]
[WhiteElo "1738"]
[BlackElo "1345"]
[PlyCount "127"]
[WhiteFideId "24695084"]
[BlackFideId "12911690"]
[EventCountry "GER"]
[EventRounds "11"]
[EventType "swiss"]
[EventDate "2011.06.11"]

1. c4 e5 2. Nc3 Nc6 3. g3 f5 4. Bg2 Nf6 5. d3 g6 6. Nf3 Bg7 7. O-O O-O 8. Rb1
d6 9. Bd2 Re8 10. b4 a6 11. Qc1 Be6 12. Bg5 Qd7 13. Bxf6 Bxf6 14. Ng5 Bxg5 15.
Qxg5 Qd8 16. Qxd8 Raxd8 17. Nd5 Bxd5 18. Bxd5+ Kg7 19. e3 Rb8 20. b5 Ne7 21.
Bg2 Red8 22. Rb2 c6 23. Rfb1 axb5 24. cxb5 c5 25. b6 Ng8 26. a4 Rd7 27. a5 Ra8
28. Ra2 Ra6 29. Bf1 Ra8 30. Bg2 Ra6 31. Bc6 Re7 32. Bb5 Ra8 33. a6 bxa6 34. Bc6
Rb8 35. Rxa6 Kh8 36. b7 Rf7 37. Ra8 Rff8 38. Rxb8 Rxb8 39. Ra1 Ne7 40. Bg2 e4
41. Ra8 Nc6 42. dxe4 Kg7 43. exf5 Rxb7 44. Bxc6 Rc7 45. Be4 c4 46. fxg6 hxg6
47. Ra6 c3 48. Rxd6 c2 49. Rxg6+ Kf7 50. Bxc2 Rxc2 51. Ra6 Rc1+ 52. Kg2 Rc2 53.
h4 Rc5 54. g4 Kg7 55. g5 Rc4 56. Kg3 Rc5 57. Kg4 Rc4+ 58. f4 Rc3 59. Ra7+ Kg8
60. e4 Rc4 61. e5 Rc2 62. h5 Rg2+ 63. Kf5 Rh2 64. h6 1-0

[Event "DEM U12 2011"]
[Site "Oberhof GER"]
[Date "2011.06.13"]
[Round "4"]
[White "Köhn, Lennart"]
[Black "Rempe, Moritz"]
[Result "1/2-1/2"]
[Termination "normal"]
[Board "21"]
[WhiteElo "1554"]
[BlackElo "1784"]
[PlyCount "41"]
[WhiteFideId "12938041"]
[BlackFideId "12906867"]
[EventCountry "GER"]
[EventRounds "11"]
[EventType "swiss"]
[EventDate "2011.06.11"]

1. e4 e6 2. d4 d5 3. Nc3 Nf6 4. e5 Nfd7 5. f4 c5 6. Nf3 Nc6 7. Be3 a6 8. Qd2 b5
9. Qf2 Qb6 10. Be2 Be7 11. O-O O-O 12. g4 Bb7 13. g5 cxd4 14. Bxd4 Nxd4 15.
Nxd4 Bc5 16. Rad1 Kh8 17. Kh1 f6 18. exf6 gxf6 19. g6 Bxd4 20. Qh4 Rf7 21. gxf7
1/2-1/2

[Event "DEM U12 2011"]
[Site "Oberhof GER"]
[Date "2011.06.13"]
[Round "4"]
[White "Nguyen, Huy Dat"]
[Black "Reimers, Juri"]
[Result "0-1"]
[Termination "normal"]
[Board "22"]
[WhiteElo "1537"]
[BlackElo "1675"]
[PlyCount "106"]
[WhiteFideId "12923486"]
[BlackFideId "24661511"]
[EventCountry "GER"]
[EventRounds "11"]
[EventType "swiss"]
[EventDate "2011.06.11"]

1. d4 d5 2. c4 c6 3. Nf3 Nf6 4. g3 dxc4 5. Bg2 b5 6. Ne5 Bb7 7. a4 a6 8. Nc3
Nd5 9. O-O e6 10. e4 Nxc3 11. bxc3 Be7 12. Rb1 Nd7 13. Nxc4 O-O 14. Ne3 Nb6 15.
axb5 axb5 16. Qb3 Qc7 17. f4 Ba6 18. Rf2 Nc4 19. Nxc4 bxc4 20. Qd1 Rfb8 21.
Rxb8+ Rxb8 22. Rb2 Rb5 23. Ra2 Qb6 24. Qd2 h6 25. Kf2 Bb7 26. Bf1 Rh5 27. Ke1
c5 28. e5 cxd4 29. Qxd4 Qxd4 30. cxd4 Bb4+ 31. Bd2 c3 32. Bc1 c2+ 33. Kf2 Rxh2+
34. Kg1 Rh1+ 35. Kf2 Bc3 36. Ra4 Bc6 37. Rc4 Rxf1+ 38. Kxf1 Bb5 39. Kf2 Bxc4
40. Ke3 Be1 41. g4 Kf8 42. Ba3+ Ke8 43. Bc1 Kd7 44. Kf3 Kc6 45. Ke4 g6 46. Be3
Bc3 47. Bc1 Kb5 48. Ke3 Ka4 49. Ke4 Kb3 50. Ke3 Bb2 51. Kd2 Bxc1+ 52. Kxc1 Bd5
53. f5 gxf5 0-1

[Event "DEM U12 2011"]
[Site "Oberhof GER"]
[Date "2011.06.13"]
[Round "4"]
[White "Paulsen, Alexej"]
[Black "Gschnitzer, Adrian"]
[Result "1-0"]
[Termination "normal"]
[Board "23"]
[WhiteElo "1559"]
[BlackElo "1590"]
[PlyCount "55"]
[WhiteFideId "24662372"]
[BlackFideId "1270337"]
[EventCountry "GER"]
[EventRounds "11"]
[EventType "swiss"]
[EventDate "2011.06.11"]

1. e4 c5 2. Nf3 Nc6 3. d4 cxd4 4. Nxd4 g6 5. Nc3 Bg7 6. Be3 Nf6 7. Bc4 Qa5 8.
O-O O-O 9. Bb3 d6 10. h3 Bd7 11. Re1 Rac8 12. Nd5 Nxd5 13. exd5 Nb4 14. c4 Na6
15. Bg5 Qb6 16. Be3 Qa5 17. h4 Nc5 18. h5 h6 19. hxg6 fxg6 20. Bc2 Kh7 21. Qh5
Bf5 22. Bxf5 Rxf5 23. Qh3 Rff8 24. Bxh6 Bxh6 25. Rxe7+ Kg8 26. Qxh6 Rf7 27.
Qxg6+ Kh8 28. Qxf7 1-0